00698nam a2200205 i 450000100060000000300090000600500170001500700030003200800410003510000290007624501330010526000310023830000220026949000390029165000360033070000390036670000160040583000390042185200320046096590ES-MaACL20250814063223.0t|050628s1972 sp ||||1| spa d1 aMaldonado, Luis, d1930-10aNuevas vías de pertenencia a la Iglesia b: identidad y participación / cLuis Maldonado Arenas, C. Floristán, A. Pascual. aMadrid : bMarova, c1972. a114 p. ; c21 cm.1 aExperiencias y Estudios Pastorales 4aHistoria eclesiástica-yS.XX.1 aFloristán, Casiano (d1926-2006)1 aPascual, A.0 aExperiencias y Estudios Pastorales aES-MaACLjC-45139 bR.81050